Districts of the Free City of Danzig in 1920 on a Map - Statistics

General Stats
  • This quiz has been taken 68 times
  • The average score is 2 of 5
Answers on the Map
Answers color-coded by a green-red scale on the quiz's map according to % correct below.
 
Answer Stats
Answer % Correct
Danzig
100%
Zoppot
34%
Danziger Höhe
17%
Danziger Niederung
17%
Großes Werder
17%
No matching quizzes found
Score Distribution
Percent of People with Each Score
Percentile by Number Answered
Your Score History
You have not taken this quiz